Finanzielles Jahrbuch für 1911/12 (Record no. 5568)

MARC details
000 -CABECERA
campo de control de longitud fija 00673nam a2200241 a 4500
001 - NÚMERO DE CONTROL
campo de control BRCA_5879
005 - FECHA Y HORA DE LA ÚLTIMA TRANSACCIÓN
campo de control 20190320205241.0
008 - DATOS DE LONGITUD FIJA--INFORMACIÓN GENERAL
campo de control de longitud fija 160311s1912----gw-#######---#001-0#ger-#
041 ## - CÓDIGO DE LENGUA
Código de lengua del texto/banda sonora o título independiente ger
044 ## - CÓDIGO DEL PAÍS DE LA ENTIDAD EDITORA/PRODUCTORA
Código MARC del país gw
050 #4 - SIGNATURA TOPOGRÁFICA DE LA BIBLIOTECA DEL CONGRESO
Número de clasificación HG4507
Número de documento/Ítem .F56
-- 1912
100 1# - ENTRADA PRINCIPAL--NOMBRE DE PERSONA
Nombre de persona Berliner, Börse.
9 (RLIN) 14873
245 10 - MENCIÓN DE TÍTULO
Título Finanzielles Jahrbuch für 1911/12
Resto del título Auskunftsbuch über Wertpapiere.
260 ## - PUBLICACIÓN, DISTRIBUCIÓN, ETC.
Lugar de publicación, distribución, etc. Charlottenburg
Nombre del editor, distribuidor, etc. S. Spangenthal
Fecha de publicación, distribución, etc. 1912
300 ## - DESCRIPCIÓN FÍSICA
Extensión 732 p.
Dimensiones 17 cm.
500 ## - NOTA GENERAL
Nota general Índice Onomástico.
501 ## - NOTA DE "CON"
Nota de “Con” H124
650 14 - PUNTO DE ACCESO ADICIONAL DE MATERIA--TÉRMINO DE MATERIA
Término de materia o nombre geográfico como elemento de entrada Finanzas
Subdivisión cronológica 1911-1912
9 (RLIN) 14874
650 14 - PUNTO DE ACCESO ADICIONAL DE MATERIA--TÉRMINO DE MATERIA
Término de materia o nombre geográfico como elemento de entrada Valor monetario.
9 (RLIN) 14875
651 #4 - PUNTO DE ACCESO ADICIONAL DE MATERIA--NOMBRE GEOGRÁFICO
Nombre geográfico Berlin
Subdivisión general Finzas públicas
9 (RLIN) 14876
902 ## - CATALOGADOR
Iniciales GFM
942 ## - ELEMENTOS DE PUNTO DE ACCESO ADICIONAL (KOHA)
Fuente del sistema de clasificación o colocación Library of Congress Classification
Tipo de ítem Koha Libros
Holdings
Estado de retiro Estado de pérdida Estado dañado No para préstamo Localización permanente Ubicación/localización actual Fecha de adquisición Total de préstamos Signatura topográfica completa Código de barras Fecha visto por última vez Precio válido a partir de Tipo de ítem Koha
El ejemplar forma parte de la colección y puede ser consultado según las políticas vigentes.       Biblioteca del Museo Franz Mayer (Rogerio Casas-Alatriste) Biblioteca del Museo Franz Mayer (Rogerio Casas-Alatriste) 16/03/2011   HG4507 .F56 1912 6318 22/03/2019 22/03/2019 Libros